00704 2200277 4500001002100000005001700021008004100038020001800079035002400097040001200121082001200133090001900145100001200164245003600176250001100212260003100223300002500254500003000279650002100309850001200330990001800342990001800360990001800378990001500396990001500411YOGYA-0209000000390020090227020651.0 ind  a979-413-613-1 0010-020900000003900 aYOPDYOG a639.543 a639.543bDar B aDARMONO aBudidaya udang penaeuscDarmono aCet. 1 aYogyakartabKanisiusc1991 a104 hlmbilusc21 cm aBibliografi : hlm. 99-104 aUdang - Budidaya aYOPDYOG a37107-P/93b1 a37106-P/93b1 a47004-P/93b1 a47004-P/94 a87974-P/96